Quantum mechanics : (Record no. 3835)
[ view plain ]
| 000 -LEADER | |
|---|---|
| fixed length control field | 01272cam a2200325 i 4500 |
| 001 - CONTROL NUMBER | |
| control field | 4124930 |
| 003 - CONTROL NUMBER IDENTIFIER | |
| control field | OSt |
| 005 - DATE AND TIME OF LATEST TRANSACTION | |
| control field | 20160502145520.0 |
| 008 - FIXED-LENGTH DATA ELEMENTS--GENERAL INFORMATION | |
| fixed length control field | 760521s1977 enka b 001 0 eng |
| 010 ## - LIBRARY OF CONGRESS CONTROL NUMBER | |
| LC control number | 76018223 |
| 020 ## - INTERNATIONAL STANDARD BOOK NUMBER | |
| International Standard Book Number | 0080209408. |
| -- | 008019012X |
| 040 ## - CATALOGING SOURCE | |
| Original cataloging agency | DLC |
| Transcribing agency | DLC |
| Modifying agency | DLC |
| 041 1# - LANGUAGE CODE | |
| Language code of text/sound track or separate title | engrus |
| 050 00 - LIBRARY OF CONGRESS CALL NUMBER | |
| Classification number | QC174.12 |
| Item number | .L3513 1977 |
| 082 00 - DEWEY DECIMAL CLASSIFICATION NUMBER | |
| Classification number | 530.1 |
| Item number | LAN 1977 |
| 100 1# - MAIN ENTRY--PERSONAL NAME | |
| Personal name | Landau, L. D. |
| Fuller form of name | , |
| 9 (RLIN) | 7959 |
| 240 10 - UNIFORM TITLE | |
| Uniform title | Kvantovaia mekhanika. |
| Language of a work | English |
| 245 10 - TITLE STATEMENT | |
| Title | Quantum mechanics : |
| Remainder of title | non-relativistic theory / |
| Statement of responsibility, etc. | by L.D. Landau and E.M. Lifshitz ; translated from the Russian by J.B. Sykes and J.S. Bell. |
| 250 ## - EDITION STATEMENT | |
| Edition statement | 3d ed., rev. and enl. |
| 260 ## - PUBLICATION, DISTRIBUTION, ETC. (IMPRINT) | |
| Place of publication, distribution, etc. | Oxford ; |
| -- | New York : |
| Name of publisher, distributor, etc. | Pergamon Press, |
| Date of publication, distribution, etc. | 1977. |
| 300 ## - PHYSICAL DESCRIPTION | |
| Extent | xiv, 673 p. : |
| Other physical details | ill. ; |
| Dimensions | 25 cm. |
| 490 1# - SERIES STATEMENT | |
| Series statement | Their Course of theoretical physics ; |
| Volume/sequential designation | v. 3 |
| 500 ## - GENERAL NOTE | |
| General note | Translation of Kvantovaia mekhanika. |
| 504 ## - BIBLIOGRAPHY, ETC. NOTE | |
| Bibliography, etc | Includes bibliographical references and index. |
| 650 #0 - SUBJECT ADDED ENTRY--TOPICAL TERM | |
| Topical term or geographic name as entry element | Nonrelativistic quantum mechanics. |
| 9 (RLIN) | 8410 |
| 700 1# - ADDED ENTRY--PERSONAL NAME | |
| Personal name | Lifshits, E. M. |
| Fuller form of name | (Evgenii Mikhailovich), |
| Relator term | joint author. |
| 9 (RLIN) | 8033 |
| 800 1# - SERIES ADDED ENTRY--PERSONAL NAME | |
| Personal name | Landau, L. D. |
| Fuller form of name | (Lev Davidovich), |
| Dates associated with a name | 1908-1968. |
| Title of a work | Teoreticheska�i�a fizika (Izd. 3-e). |
| Language of a work | English ; |
| Volume/sequential designation | v. 3. |
| 9 (RLIN) | 8411 |
| 906 ## - LOCAL DATA ELEMENT F, LDF (RLIN) | |
| a | 7 |
| b | cbc |
| c | orignew |
| d | 1 |
| e | ocip |
| f | 19 |
| g | y-gencatlg |
| 942 ## - ADDED ENTRY ELEMENTS (KOHA) | |
| Source of classification or shelving scheme | Dewey Decimal Classification |
| Koha item type | Short Loan |
| Withdrawn status | Lost status | Source of classification or shelving scheme | Damaged status | Not for loan | Home library | Current library | Date acquired | Inventory number | Total Checkouts | Full call number | Barcode | Date last seen | Price effective from | Koha item type |
|---|---|---|---|---|---|---|---|---|---|---|---|---|---|---|
| Dewey Decimal Classification | MUST Main Library | MUST Main Library | 02/05/2016 | 2003/20416 | 530.1 LAN 1977 | 2016-1519 | 02/05/2016 | 02/05/2016 | Short Loan | |||||
| Dewey Decimal Classification | MUST Main Library | MUST Main Library | 02/05/2016 | 2003/20414 | 530.1 LAN 1977 | 2016-1522 | 02/05/2016 | 02/05/2016 | Short Loan | |||||
| Dewey Decimal Classification | MUST Main Library | MUST Main Library | 02/05/2016 | 2003/20415 | 530.1 LAN 1977 | 2016-1526 | 02/05/2016 | 02/05/2016 | Short Loan |
